| 000 | 00519 a2200169 4500 | ||
|---|---|---|---|
| 003 | Nust | ||
| 005 | 20251020124011.0 | ||
| 040 | _cNust | ||
| 082 | _a621.382,MEH | ||
| 100 |
_aMehmood , Arshad Capt (TE-34) _9131251 |
||
| 245 |
_aPolariztion controller IN Optical communications system / _cCapt Arshad Mehmood , Capt Zaghum Latif Rana , Capt Syed Ali Abidi, Capt Zubair Tahir |
||
| 260 |
_aRawalpindi _bMCS _c2001 |
||
| 300 | _a90 ,p; | ||
| 650 |
_aUG Projects _998716 |
||
| 651 |
_aTE-34 _9131252 |
||
| 942 |
_cPR _2ddc |
||
| 999 |
_c182653 _d182653 |
||